| 000 | 00473nam a2200169 a 4500 | ||
|---|---|---|---|
| 001 | 5034 | ||
| 003 | CDMR | ||
| 005 | 20151016134202.0 | ||
| 008 | 130130s2000||||||||||||||||||||||||||||d | ||
| 020 | _a8439350325 | ||
| 040 |
_aCDMR _bcat _cCPC GIRONA |
||
| 245 | 3 | _aLa imatge de les minories ètniques a les televisions de Catalunya | |
| 260 |
_aBarcelona _bCAC _c2000 |
||
| 490 | 0 | _aEstudis i informes | |
| 710 |
_9828 _aConsell de l'Audiovisual de Catalunya |
||
| 942 |
_cMON _2udc |
||
| 999 |
_c5034 _d5034 |
||